Statistical Yearbook of China 1981 English Edition

Uložené v:
Podrobná bibliografia
Médium: Kniha
Jazyk:English
Vydavateľské údaje: Hong Kong Economic Information and Agency 1982
Vydanie:1. ed.
Tagy: Pridať tag
Žiadne tagy, Buďte prvý, kto otaguje tento záznam!

MARC

LEADER 00000nam a2200000 4500
001 c024571
005 20221220100015.4
041 0 |a eng 
044 |a GB 
245 1 0 |a Statistical Yearbook of China 1981  |b English Edition 
250 |a 1. ed. 
264 1 |a Hong Kong  |b Economic Information and Agency  |c 1982 
300 |a 524 s.